00603nam a2200181 a 450000100060000000300090000600800410001502000150005604000280007108200160009910000170011524500810013226000880021330000100030165000250031165000490033665000360038510379CO-ViMGA141112s2004 ck r 000 u spa d a9586640132 aCO-ViMGAbspacCO-ViMGA04a986.35 O71h1 aOrbell, John10aLos Herederos del cacique Suaya historia Colonial de Ráquira - 1539 - 1810 aSantafé de Bogotá : bDepartamento Editorial, cBanco de la República, c1995 a312p.14aHISTORIA 1539 - 181014aINDIGENAS DE COLOMBIA - HISTORIA 1539 - 181014aMUISCAS - HISTORIAS 1539 - 1810